Champions of the English Premier League - Statistics

General Stats
  • This quiz has been taken 38 times
  • The average score is 28 of 28
Answer Stats
Season Winner % Correct
03/04 Arsenal
100%
01/02 Arsenal
100%
97/98 Arsenal
100%
16/17 Chelsea
100%
14/15 Chelsea
100%
09/10 Chelsea
100%
05/06 Chelsea
100%
04/05 Chelsea
100%
19/20 Liverpool
100%
18/19 Manchester City
100%
17/18 Manchester City
100%
13/14 Manchester City
100%
11/12 Manchester City
100%
12/13 Manchester United
100%
10/11 Manchester United
100%
08/09 Manchester United
100%
07/08 Manchester United
100%
06/07 Manchester United
100%
02/03 Manchester United
100%
00/01 Manchester United
100%
99/00 Manchester United
100%
98/99 Manchester United
100%
96/97 Manchester United
100%
95/96 Manchester United
100%
93/94 Manchester United
100%
92/93 Manchester United
100%
15/16 Leicester City
97%
94/95 Blackburn
92%
No matching quizzes found
Score Distribution
Percent of People with Each Score
Percentile by Number Answered
Your Score History
You have not taken this quiz